Soğuğa Açılan Kapı Şiir Üstüne Yazılar (Record no. 1278)

000 -LEADER
fixed length control field 00515nam a22001817a 4500
008 - FIXED-LENGTH DATA ELEMENTS--GENERAL INFORMATION
fixed length control field 170330b xxu||||| |||| 00| p tur d
020 ## - INTERNATIONAL STANDARD BOOK NUMBER
International Standard Book Number 9750806832
041 ## - LANGUAGE CODE
Language code of text/sound track or separate title Türkçe
050 ## - LIBRARY OF CONGRESS CALL NUMBER
Classification number PL219
100 ## - MAIN ENTRY--PERSONAL NAME
Personal name Altınel, Şavkar
9 (RLIN) 158
245 ## - TITLE STATEMENT
Title Soğuğa Açılan Kapı Şiir Üstüne Yazılar
250 ## - EDITION STATEMENT
Edition statement 1. Baskı
260 ## - PUBLICATION, DISTRIBUTION, ETC.
Place of publication, distribution, etc. İstanbul
Name of publisher, distributor, etc. Yapı Kredi Yayınları
Date of publication, distribution, etc. Kasım 2003
300 ## - PHYSICAL DESCRIPTION
Extent 157 sayfa
500 ## - GENERAL NOTE
General note Yapı Kredi Yayınları: 1931; Şiir: 176
650 #0 - SUBJECT ADDED ENTRY--TOPICAL TERM
9 (RLIN) 145
Topical term or geographic name entry element Türk Edebiyatı
942 ## - ADDED ENTRY ELEMENTS (KOHA)
Source of classification or shelving scheme
Koha item type Books
Holdings
Withdrawn status Lost status Source of classification or shelving scheme Damaged status Not for loan Permanent Location Current Location Shelving location Date acquired Full call number Barcode Date last seen Price effective from Koha item type
        Ödünç verilemez İmren Ahmet Tüzün Kütüphanesi İmren Ahmet Tüzün Kütüphanesi Ahmet Tüzün 2017-08-18 PL219 100100001256 2017-08-18 2017-08-18 Books

This software was implemented, installed and managed by Devinim Software Training Consulting .